The pearson general knowledge manual 2016 / (Record no. 141680)

MARC details
000 -LEADER
fixed length control field 00605nam a22001817a 4500
005 - DATE AND TIME OF LATEST TRANSACTION
control field 20170621141521.0
010 ## - LCCN (DPL NO)
LC control number ENG-118837
020 ## - INTERNATIONAL STANDARD BOOK NUMBER
International Standard Book Number 9789332551985
Terms of availability 699.00
035 ## - SYSTEM CONTROL NUMBER
System control number EN-102369
037 ## - SOURCE OF ACQUISITION
Source of stock number/acquisition DBAD/PUB
082 ## - DEWEY DECIMAL CLASSIFICATION NUMBER
Classification number 000
100 ## - MAIN ENTRY--PERSONAL NAME
Personal name Thoroe, Edgar
245 ## - TITLE STATEMENT
Title The pearson general knowledge manual 2016 /
Statement of responsibility, etc by Edgar Thorpe [and] Showick Thorpe
260 ## - PUBLICATION, DISTRIBUTION, ETC. (IMPRINT)
Place of publication, distribution, etc Uttar Pradesh
Name of publisher, distributor, etc Pearson India Education Services
Date of publication, distribution, etc 2015
270 ## - ADDRESS
Address A-8(A), 7th Floor, Knowledge Boulevard, Sector-62, Noida-201309
300 ## - PHYSICAL DESCRIPTION
Extent Various Pagings
Other physical details ill.
Dimensions 24cm.(pbk)
942 ## - ADDED ENTRY ELEMENTS (KOHA)
Source of classification or shelving scheme Dewey Decimal Classification
Item type English Books
Classification part 000
Call number suffix THO
Holdings
Withdrawn status Lost status Not for loan Collection code Home library Current library Date acquired Source of acquisition Cost, normal purchase price Full call number Barcode Copy number Cost, replacement price Koha item type
    Not For Loan Non-fiction D.B.Act.Division Bawana 21/06/2017 DBAD/PUB 699.00 000 THO EN-102369 1 699.00 English Books

© Delhi Public Library
Hit Counter
free hit counter